| 000 | 00588nam a22001577a 4500 | ||
|---|---|---|---|
| 008 | 160427b xxu||||| |||| 00| 0 eng d | ||
| 082 |
_22008 _aUT 0104 _bSa46 |
||
| 100 |
_96533 _aSamoranos, Ron Jay T. |
||
| 245 |
_aAttitudes of the residents towards sanitary practices and their economic status/ _cRon Jay T. Samoranos, Joverizza M. Brabat and Carmi Joy A. Uy. |
||
| 260 |
_aDigos City: _bUMDC _cAugust 2008. |
||
| 300 |
_a43 pages; _c28 cm. |
||
| 650 | 0 |
_96532 _aNursing _xUndergraduate thesis. |
|
| 700 |
_96530 _aBrabat, Joverizza M. |
||
| 700 |
_96531 _aUy, Carmi Joy A. |
||
| 942 |
_2ddc _cUT |
||
| 999 |
_c2026 _d2026 |
||